Trabajos presentados a la Junta por la Comisión de Gobierno y Administración, en la sesión celebrada el día 5 del presente mes bajo la presidencia del... gobernador civil de la provincia Don Melchor Ordóñez, por los cuales... se acordó un voto de gracias a la Comisión, así como... la publicación de dichos trabajos para conocimiento del público, sin perjuicio de ser examinados por la Comisión de señores vocales nombrada al efecto. (Record no. 181840)

MARC details
000 -LEADER
campo de control de longitud fija 01177nam a2200205 i 4500
001 - NÚMERO DE CONTROL
campo de control 181840
003 - IDENTIFICADOR DE NÚMERO DE CONTROL
campo de control ES-MaACL
005 - FECHA Y HORA DE LA ÚLTIMA TRANSACCIÓN
campo de control 20250919135038.0
008 - DATOS DE LONGITUD FIJA--INFORMACIÓN GENERAL
campo de control de longitud fija 130417s1852 sp |||| | spa d
110 1# - ENTRADA PRINCIPAL--NOMBRE DE ENTIDAD CORPORATIVA
Nombre de entidad corporativa o nombre de jurisdicción como elemento de entrada Madrid.
Unidad subordinada Junta Municipal de Beneficencia.
9 (RLIN) 201398
245 10 - MENCIÓN DEL TÍTULO
Título Trabajos presentados a la Junta por la Comisión de Gobierno y Administración, en la sesión celebrada el día 5 del presente mes bajo la presidencia del... gobernador civil de la provincia Don Melchor Ordóñez, por los cuales... se acordó un voto de gracias a la Comisión, así como... la publicación de dichos trabajos para conocimiento del público, sin perjuicio de ser examinados por la Comisión de señores vocales nombrada al efecto.
260 ## - PUBLICACIÓN, DISTRIBUCIÓN, ETC.
Lugar de publicación, distribución, etc. Madrid :
Nombre del editor, distribuidor, etc. [s.n.],
Fecha de publicación, distribución, etc. 1852 (
Fabricante Imp. José María Alonso)
300 ## - DESCRIPCIÓN FÍSICA
Extensión 54 p. ;
Dimensiones 28 cm.
530 ## - NOTA DISPONIBLE DE FORMULARIO FÍSICO ADICIONAL
Nota de formato físico adicional disponible Disponible en formato digital.
650 #4 - PUNTO DE ACCESO ADICIONAL DE MATERIA--TÉRMINO DE MATERIA
Término de materia o nombre geográfico como elemento de entrada Beneficencia-
Subdivisión geográfica Madrid.
9 (RLIN) 150492
700 1# - ENTRADA AGREGADA--NOMBRE PERSONAL
Nombre de persona Ordóñez, Melchor,
Fechas asociadas al nombre 1811-1860
9 (RLIN) 130676
852 4# - LOCALIZACIÓN
Ubicación ES-MaACL
Número de control de estantería T-52-F-3
856 4# - LOCALIZACIÓN Y ACCESO ELECTRÓNICOS
Identificador Uniforme de Recursos <a href="https://bibliotecavirtualmadrid.comunidad.madrid/bvmadrid_publicacion/es/consulta/registro.do?id=4024">https://bibliotecavirtualmadrid.comunidad.madrid/bvmadrid_publicacion/es/consulta/registro.do?id=4024</a>
Nota pública Biblioteca Digital de Madrid
Holdings
Estatus retirado Estado de pérdida Estado de daño No para préstamo Colección Biblioteca de origen Biblioteca actual Ubicación en estantería Fecha de adquisición Fuente de adquisición Total de préstamos Signatura topográfica completa Código de barras Visto por última vez Precio de reemplazo Tipo de ítem Koha
        Colección de folletos Biblioteca del Ateneo de Madrid Biblioteca del Ateneo de Madrid Depósito folletos 17/04/2013     T-52-F-3 1191094 23/02/2023 23/02/2023 Folleto